000 00422nam a2200181Ia 4500
001 9074
005 20260306160657.0
008 260306t2007||||xx |||||||||||||| ||spa||
041 _aESP
082 _a372.5
_bP26 T. 6
100 _aParramón Ediciones S. A.
_eAUT
245 0 _aMe divierto con... las texturas
260 _c2007
300 _a
_c24 cm.
650 _aGEN
654 _aCED
942 _cLIB
_dJUS
_fJUS
_2ddc
_n
999 _c9074
_d9074